Cost-benefit analysis (Record no. 519499)

000 -LEADER
fixed length control field 00291nam a22000977a 4500
082 ## - DEWEY DECIMAL CLASSIFICATION NUMBER
Classification number TNC L64 K527
100 ## - MAIN ENTRY--PERSONAL NAME
Personal name Khan, Anwar Tahmasp
9 (RLIN) 30584
245 ## - TITLE STATEMENT
Title Cost-benefit analysis
Statement of responsibility, etc by Anwar Tahmasp Khan
260 ## - PUBLICATION, DISTRIBUTION, ETC. (IMPRINT)
Place of publication, distribution, etc Lahore
Name of publisher, distributor, etc National Institute of Public Administration
Date of publication, distribution, etc 1965
300 ## - PHYSICAL DESCRIPTION
Extent 205p
Holdings
Withdrawn status Lost status Source of classification or shelving scheme Damaged status Koha normalized classification for sorting Not for loan Permanent location Current location Date acquired Full call number Barcode Date last seen Price effective from Koha item type
        TNC_L64_K527   Indian Institute of Public Administration Indian Institute of Public Administration 2022-03-16 TNC L64 K527 GR23919 2022-03-16 2022-03-16 GR

Powered by Koha